000 00713cab a22002175a 4500
001 L158420
008 150210e2015 xxk 000 0 eng d
035 _a(Sirsi) u158420
041 0 _aeng
100 1 _aGlass, Ed
245 0 0 _aTaking action on disrepair
260 _c2015
490 _aEstates Gazette
_v(1505) 7 February 2015, 96-97(2)
520 _aDiscusses the options open to landlords who want to remedy disrepair before lease-end. Includes information about self-help, forfeiture, Section 146 notice and 1938 Act counter-notice.
590 _aKA
651 4 _aUnited Kingdom
690 _aLandlord and tenant
_96252
690 _aDilapidations
_96235
700 1 _aHardman, Jeff
942 _n0
999 _c84593
_d84593